[Event "AUTO-OPEN-4114"]
[Site "http://www.queenalice.com/game.php?id=1590958"]
[Date "2019.11.22"]
[Round "1"]
[White "Cholito"]
[Black "Fischercat"]
[Result "1-0"]
[WhiteElo "1857"]
[BlackElo "1950"]

1. d4 d5 2. Bf4 Bf5 3. e3 e6 4. c3 h6 5. h3 Nf6 6. Qb3 b6 7. Bb5+ Nfd7 8. Nd2 a6
9. Be2 Bd6 10. Ngf3 Nc6 11. c4 Bxf4 12. exf4 O-O 13. O-O Be4 14. Ne5 Nxd4 15.
Qd1 Nxe2+ 16. Qxe2 Nxe5 17. fxe5 Bf5 18. Rfc1 c5 19. g4 Bg6 20. f4 f5 21. Rf1
Qh4 22. Qg2 fxg4 23. Qxg4 Qxg4+ 24. hxg4 Be4 25. Nxe4 dxe4 26. Rae1 Rad8 27.
Rxe4 Rd4 28. Rxd4 cxd4 29. Kg2 Rc8 30. Rc1 g6 31. Kf2 Kg7 32. Kf3 Rc5 33. Ke4 b5
34. b3 h5 35. gxh5 gxh5 36. Kxd4 Rc8 37. c5 Kg6 38. Ke4 h4 39. Rg1+ Kf7 40. b4
h3 41. Rh1 Rh8 42. a3 Ke7 43. Kf3 Kd7 44. Kg3 Rg8+ 45. Kxh3 Rh8+ 46. Kg2 Rg8+
47. Kf3 Kc6 48. Rh7 Kd5 49. Ra7 Kc4 50. Rxa6 Kb3 51. f5 exf5 52. Kf4 Rf8 53. c6
1-0

[Event "AUTO-OPEN-4114"]
[Site "http://www.queenalice.com/game.php?id=1590971"]
[Date "2019.11.22"]
[Round "1"]
[White "NickThorp"]
[Black "Cholito"]
[Result "0-1"]
[WhiteElo "1610"]
[BlackElo "1736"]

1. e4 e6 2. d4 d5 3. e5 c5 4. Nf3 Nc6 5. Bb5 Bd7 6. Be3 Qb6 7. Nc3 a6 8. Ba4
Qxb2 9. Bd2 Nxd4 10. Bxd7+ Kxd7 11. Na4 Qb5 12. Nc3 Qc6 13. Nxd4 cxd4 14. Ne2
Bc5 15. O-O Ne7 16. Rb1 Ng6 17. Nf4 Nxe5 18. Qe2 Ng6 19. Nxg6 hxg6 20. Bg5 Qc7
21. Rfe1 Qxh2+ 22. Kf1 Qh1# 0-1

[Event "AUTO-OPEN-4114"]
[Site "http://www.queenalice.com/game.php?id=1590972"]
[Date "2019.11.22"]
[Round "1"]
[White "Cholito"]
[Black "NickThorp"]
[Result "1-0"]
[WhiteElo "1747"]
[BlackElo "1614"]

1. d4 d5 2. Bf4 Bf5 3. e3 e6 4. c4 Bb4+ 5. Nc3 Nf6 6. a3 Bxc3+ 7. bxc3 h6 8. h3
Nc6 9. c5 Ne4 10. Qb3 O-O 11. f3 b6 12. fxe4 Bxe4 13. cxb6 axb6 14. h4 Na5 15.
Qa2 Nc4 16. Bxc4 dxc4 17. Nf3 c5 18. Qxc4 Bd5 19. Qe2 Qd7 20. O-O cxd4 21. cxd4
Ra4 22. Rfc1 Rc8 23. Ne5 Rxc1+ 24. Rxc1 Rxa3 25. Nxd7 1-0

[Event "AUTO-INT-3459"]
[Site "http://www.queenalice.com/game.php?id=1599005"]
[Date "2020.2.10"]
[Round "2"]
[White "SamuraiJOM"]
[Black "Cholito"]
[Result "0-1"]
[WhiteElo "1694"]
[BlackElo "1882"]

1. e4 e6 2. Nf3 d5 3. d3 dxe4 4. Ng5 exd3 5. cxd3 Nf6 6. Be2 Be7 7. Nc3 O-O 8.
O-O c6 9. h3 h6 10. Nge4 Nbd7 11. a3 Nd5 12. Bd2 f5 13. Ng3 N7f6 14. Nh5 Kh7 15.
g3 g6 16. Nxf6+ Bxf6 17. Bf3 e5 18. h4 h5 19. Qc1 Be6 20. Qc2 f4 21. Ne4 Bf5 22.
Nxf6+ Qxf6 23. Bxd5 cxd5 24. gxf4 Bh3 25. Rfe1 Rac8 26. Qa4 exf4 27. f3 Qxh4 28.
Re2 Qg3+ 29. Kh1 Qxf3+ 0-1

[Event "AUTO-INT-3459"]
[Site "http://www.queenalice.com/game.php?id=1599006"]
[Date "2020.2.10"]
[Round "2"]
[White "Cholito"]
[Black "SamuraiJOM"]
[Result "1-0"]
[WhiteElo "1873"]
[BlackElo "1687"]

1. d4 d5 2. Bf4 Nf6 3. e3 Bf5 4. c4 c6 5. Nf3 h6 6. Bd3 e6 7. Nc3 Be7 8. Bxf5
exf5 9. h3 Nh5 10. Bh2 dxc4 11. Ne5 O-O 12. Qxh5 Nd7 13. Qxf5 Nxe5 14. Bxe5 Bf6
15. Bxf6 gxf6 16. Ne4 Kg7 17. O-O-O b5 18. g4 Rh8 19. h4 Qe7 20. g5 c5 21. gxf6+
Kf8 22. fxe7+ Kxe7 23. Qf6+ Kd7 24. dxc5+ Kc7 25. Qd6+ Kb7 26. c6+ Kb6 27. c7+
Ka5 28. Nc5 a6 29. Nb7+ 1-0

[Event "AUTO-INT-3459"]
[Site "http://www.queenalice.com/game.php?id=1599007"]
[Date "2020.2.10"]
[Round "2"]
[White "adilsonap"]
[Black "Cholito"]
[Result "1-0"]
[WhiteElo "2101"]
[BlackElo "1899"]

1. e4 e6 2. d4 d5 3. Nc3 Nf6 4. e5 Nfd7 5. f4 c5 6. Nf3 Nc6 7. Be3 cxd4 8. Nxd4
Bb4 9. a3 Bxc3+ 10. bxc3 O-O 11. a4 Qa5 12. Qd2 f6 13. Bb5 fxe5 14. Nxe6 Rf6 15.
Ng5 exf4 16. Qxd5+ Kh8 17. O-O Nce5 18. Bxf4 Qxc3 19. Bxe5 Qxe5 20. Nf7+ Rxf7
21. Qxf7 h6 22. Rae1 Qc5+ 23. Kh1 Nf6 24. Rxf6 Bg4 25. Re8+ Rxe8 26. Qxe8+ Kh7
27. Bd3+ 1-0

[Event "AUTO-INT-3459"]
[Site "http://www.queenalice.com/game.php?id=1599008"]
[Date "2020.2.10"]
[Round "2"]
[White "Cholito"]
[Black "adilsonap"]
[Result "0-1"]
[WhiteElo "1891"]
[BlackElo "2107"]

1. e4 c5 2. Nf3 e6 3. d4 cxd4 4. Nxd4 Nc6 5. Be2 Nf6 6. f3 Qb6 7. Nb3 d5 8. Nc3
d4 9. Nb1 e5 10. Bd3 Be7 11. O-O Nh5 12. Kh1 O-O 13. N1d2 Qc7 14. Nb1 Rd8 15.
Na3 Be6 16. Nc4 Nb4 17. Nbd2 Nf4 18. Nb3 Bxc4 19. Bxf4 exf4 20. a3 Nxd3 21. cxd3
Rac8 22. dxc4 Qxc4 23. Rc1 Qb5 24. Rxc8 Rxc8 25. Nxd4 Qxb2 26. h3 Rd8 0-1

[Event "AUTO-ADV-4296"]
[Site "http://www.queenalice.com/game.php?id=1599149"]
[Date "2020.2.12"]
[Round "1"]
[White "Cholito"]
[Black "worldwide"]
[Result "1-0"]
[WhiteElo "1883"]
[BlackElo "1890"]

1. d4 b6 2. c4 Bb7 3. Nc3 Nf6 4. Bf4 d6 5. Nf3 Nh5 6. Bg5 f6 7. Bh4 g5 8. Bg3
Nxg3 9. hxg3 g4 10. Nh4 Nc6 11. e3 Qd7 12. Bd3 O-O-O 13. d5 Ne5 14. Bf5 1-0

[Event "AUTO-ADV-4296"]
[Site "http://www.queenalice.com/game.php?id=1599150"]
[Date "2020.2.12"]
[Round "1"]
[White "worldwide"]
[Black "Cholito"]
[Result "0-1"]
[WhiteElo "1893"]
[BlackElo "1884"]

1. e4 e6 2. d4 d5 3. e5 c5 4. Nf3 Qb6 5. dxc5 Bxc5 6. Bd3 Bxf2+ 7. Ke2 Nc6 8. c3
f6 9. exf6 Nxf6 10. Rf1 Bc5 11. a3 a5 12. Qa4 Bd7 13. Bb5 O-O 0-1

[Event "AUTO-ADV-4296"]
[Site "http://www.queenalice.com/game.php?id=1599153"]
[Date "2020.2.12"]
[Round "1"]
[White "Cholito"]
[Black "Dinda54"]
[Result "1-0"]
[WhiteElo "1890"]
[BlackElo "1747"]

1. d4 d5 2. Bf4 Qd7 3. e3 Nf6 4. Be2 e6 5. c3 h6 6. Nf3 a6 7. a4 Be7 8. a5 O-O
9. h3 Ne4 10. Nbd2 f6 11. O-O f5 12. Ne5 Qe8 13. Bh5 Qd8 14. Ng6 Nxd2 15. Qxd2
Qe8 16. e4 fxe4 17. Bxh6 Kh7 18. Nxf8+ Qxf8 19. Bf4 Nd7 20. Bxc7 Nf6 21. Be2 Ne8
22. Be5 Bf6 23. Qf4 Kg8 24. f3 Kf7 25. fxe4 b5 26. Bh5+ Ke7 27. Bxe8 Kxe8 28.
Bxf6 gxf6 29. exd5 exd5 30. Rae1+ Kd7 31. Qxf6 Qxf6 32. Rxf6 Kc7 33. Re7+ Bd7
34. Rff7 Rd8 35. Kf2 Kd6 36. Ke2 Be6 37. Rg7 Rf8 38. h4 Bg4+ 39. Ke1 Rh8 40. Rh7
Bf5 41. Rxh8 Kxe7 42. Ra8 Bd3 43. Rxa6 Kd7 44. b4 Kc7 45. h5 Kb7 46. Rf6 Ka7 47.
g4 Be4 48. g5 Kb7 49. g6 Kc7 50. h6 1-0

[Event "AUTO-ADV-4296"]
[Site "http://www.queenalice.com/game.php?id=1599154"]
[Date "2020.2.12"]
[Round "1"]
[White "Dinda54"]
[Black "Cholito"]
[Result "1-0"]
[WhiteElo "1663"]
[BlackElo "1900"]

1. e4 e6 2. e5 d5 3. a3 c5 4. c3 Bd7 5. Nf3 Nc6 6. d3 f6 7. exf6 Nxf6 8. Be2 Be7
9. O-O e5 10. Qb3 Qb6 11. Qd1 O-O 12. c4 d4 13. Bg5 Qxb2 14. Nbd2 Qb6 15. Rb1
Qc7 16. Ne4 Nxe4 17. dxe4 Be8 18. Bxe7 Qxe7 19. Nd2 b6 20. Nf3 Bh5 21. Qa4 Nd8
22. Qb3 Bxf3 23. Bxf3 Ne6 24. Qd1 Ng5 25. Bg4 Nxe4 26. Bf3 Nc3 27. Qc1 Nxb1 28.
Qxb1 Qe6 29. Bd5 Qxd5 30. cxd5 Rfd8 31. Qe4 Re8 32. d6 1-0

[Event "AUTO-OPEN-4136"]
[Site "http://www.queenalice.com/game.php?id=1599294"]
[Date "2020.2.13"]
[Round "1"]
[White "erig1969"]
[Black "Cholito"]
[Result "1-0"]
[WhiteElo "2016"]
[BlackElo "1888"]

1. d4 e6 2. c4 f5 3. Nf3 Nf6 4. Bg5 Be7 5. e3 O-O 6. Be2 d5 7. cxd5 exd5 8. Nc3
c6 9. Ne5 Nbd7 10. Nf3 Ne4 11. Bxe7 Qxe7 12. a3 Ndf6 13. Ne5 Nxc3 14. bxc3 Nd7
15. Nd3 Qg5 16. O-O Nf6 17. Nf4 Bd7 18. c4 dxc4 19. Bxc4+ Kh8 20. Be6 Rae8 21.
Bxd7 Nxd7 22. Qb3 Nb6 23. Ne6 Qg6 24. Nxf8 Rxf8 25. Qc2 Nd5 26. Rab1 Qf7 27. Qb3
Nb6 28. Qxf7 Rxf7 29. Rb3 Kg8 30. Rfb1 Re7 31. g3 Kf7 32. Rb4 Kf6 33. a4 1-0

[Event "AUTO-OPEN-4136"]
[Site "http://www.queenalice.com/game.php?id=1599295"]
[Date "2020.2.13"]
[Round "1"]
[White "Cholito"]
[Black "erig1969"]
[Result "1-0"]
[WhiteElo "1900"]
[BlackElo "2018"]

1. d4 d5 2. Bf4 c5 3. e3 cxd4 4. Qxd4 Nc6 5. Bb5 e6 6. Nc3 Bd7 7. Bxc6 bxc6 8.
Nf3 c5 9. Qd1 Nf6 10. O-O Be7 11. Qd3 c4 12. Qd1 a5 13. a4 O-O 14. Ne5 g6 15. h4
Nh5 16. Bh6 Re8 17. Nxd7 Qxd7 18. g4 Ng7 19. Qd4 f6 20. e4 Rf8 21. exd5 exd5 22.
Qxd5+ Qxd5 23. Nxd5 Bc5 24. Be3 Ne6 25. Bxc5 Nxc5 26. Rfe1 Rad8 27. Red1 Kg7 28.
Nb6 Nb7 29. Nxc4 Ra8 30. Rd7+ Rf7 31. Rad1 Nc5 32. Rxf7+ Kxf7 33. b3 Ra7 34. f3
h6 35. Kf2 Ne6 36. Nd6+ Kg7 37. Nb5 Re7 38. Re1 Kf8 39. c3 Nc5 40. Rxe7 Kxe7 41.
Nd4 Kd6 42. Ke3 Kd5 43. c4+ Kd6 44. f4 Na6 45. Nb5+ Kc5 46. Ke4 Nb4 47. g5 hxg5
48. hxg5 fxg5 49. fxg5 Na2 50. Ke5 Nc1 51. Kf6 Nxb3 52. Kxg6 Kxc4 53. Kf7 Nc5
54. g6 Nxa4 55. g7 1-0

[Event "AUTO-OPEN-4136"]
[Site "http://www.queenalice.com/game.php?id=1599342"]
[Date "2020.2.13"]
[Round "1"]
[White "Cholito"]
[Black "grepovsky"]
[Result "1/2-1/2"]
[WhiteElo "1875"]
[BlackElo "2194"]

1. e4 d6 2. d4 Nf6 3. Nc3 g6 4. Nf3 Bg7 5. Be2 O-O 6. O-O Bg4 7. h3 Bxf3 8. Bxf3
Nc6 9. Be3 e5 10. d5 Ne7 11. Qd2 Ne8 12. Bh6 f5 13. Bxg7 Kxg7 14. g4 fxg4 15.
Bxg4 Nf6 16. f3 c6 17. h4 cxd5 18. exd5 h6 19. Kh2 Nxg4+ 20. fxg4 Qd7 21. Qg2
Rxf1 22. Rxf1 Rf8 23. Rxf8 Kxf8 24. Qf3+ Kg7 25. Ne4 Ng8 26. g5 h5 27. Qf2 b6
28. Nc3 b5 29. Ne4 Qc7 30. Qe2 a6 31. a3 Ne7 32. Ng3 Nxd5 33. Qe4 Nf4 34. Ne2 d5
35. Nxf4 exf4 36. Qd4+ Kh7 37. Kg2 Qxc2+ 38. Kf3 Qf5 39. Qa7+ Kg8 40. Qb8+ Kf7
41. Qc7+ Ke6 42. Qc8+ Ke5 43. Qc7+ Ke6 44. Qc8+ Ke5 45. Qc7+ Ke6 1/2-1/2

[Event "AUTO-OPEN-4136"]
[Site "http://www.queenalice.com/game.php?id=1599343"]
[Date "2020.2.13"]
[Round "1"]
[White "grepovsky"]
[Black "Cholito"]
[Result "1-0"]
[WhiteElo "1100"]
[BlackElo "1883"]

1. e4 e6 2. d4 d5 3. Nd2 Nf6 4. e5 Nfd7 5. Bd3 c5 6. c3 Nc6 7. Ne2 cxd4 8. cxd4
Be7 9. O-O O-O 10. f4 f6 11. Nf3 fxe5 12. fxe5 Ndb8 13. a3 b6 14. b4 Bb7 15. Qe1
a6 16. Qg3 Nd7 17. Qh3 Kh8 18. Qxh7# 1-0

[Event "AUTO-ADV-4265"]
[Site "http://www.queenalice.com/game.php?id=1599867"]
[Date "2020.2.18"]
[Round "2"]
[White "jpribeiro"]
[Black "Cholito"]
[Result "1-0"]
[WhiteElo "2029"]
[BlackElo "1921"]

1. e4 e6 2. d4 d5 3. Nc3 Bb4 4. exd5 exd5 5. Bb5+ c6 6. Be2 Bxc3+ 7. bxc3 Nf6 8.
Ba3 Ne4 9. Qd3 Qf6 10. Bf3 Bf5 11. Bxe4 Bxe4 12. Qe2 Kd7 13. Qg4+ Bf5 14. Qd1
Na6 15. Ne2 h5 16. O-O h4 17. Rb1 b6 18. Nc1 h3 19. Re1 Rae8 20. Rxe8 Rxe8 21.
Nd3 hxg2 22. Qf3 Be4 23. Qxf6 gxf6 24. Re1 f5 25. Re3 Nc7 26. f3 Bxd3 27. Rxe8
Nxe8 28. cxd3 Nd6 29. Kxg2 Ke6 30. Kg3 Nb5 31. Bb2 Nd6 32. Kf4 Kf6 33. h4 Ne8
34. c4 Ng7 35. a4 Nh5+ 36. Ke3 f4+ 37. Kd2 Ng3 38. Kc3 a6 39. Kb4 a5+ 40. Kc3
Nf5 41. Bc1 Nxh4 42. Bxf4 Nxf3 43. Bc7 b5 44. axb5 a4 45. b6 1-0

[Event "AUTO-ADV-4265"]
[Site "http://www.queenalice.com/game.php?id=1599868"]
[Date "2020.2.18"]
[Round "2"]
[White "Cholito"]
[Black "jpribeiro"]
[Result "0-1"]
[WhiteElo "1877"]
[BlackElo "2178"]

1. d4 Nf6 2. Bg5 Ne4 3. Bf4 c5 4. Nf3 Qa5+ 5. Nbd2 Nxd2 6. Qxd2 Qxd2+ 7. Bxd2
cxd4 8. Nxd4 Nc6 9. Bc3 Nxd4 10. Bxd4 d6 11. e4 e5 12. Be3 Bg4 13. Be2 Bxe2 14.
Kxe2 Be7 15. f4 O-O 16. f5 Rac8 17. c3 a6 18. g4 h6 19. Kd3 b5 20. h4 Rfd8 21.
g5 h5 22. Rag1 Rc4 23. f6 Bf8 24. Rg2 g6 25. Rc1 d5 26. exd5 Rxd5+ 27. Ke2 Rxh4
28. Rd1 Rd6 29. Rxd6 Bxd6 30. Rg1 Rh2+ 0-1

[Event "AUTO-ADV-4265"]
[Site "http://www.queenalice.com/game.php?id=1599871"]
[Date "2020.2.18"]
[Round "2"]
[White "Cholito"]
[Black "ECC2020"]
[Result "0-1"]
[WhiteElo "1900"]
[BlackElo "2081"]

1. d4 e6 2. e4 d5 3. e5 c5 4. c3 Nc6 5. Nf3 Nge7 6. Be2 cxd4 7. cxd4 a6 8. Nc3
Nf5 9. O-O Bd7 10. Be3 Nxe3 11. fxe3 Be7 12. Kh1 O-O 13. Nd2 Bg5 14. Rf3 Be8 15.
Qc2 f6 16. Raf1 Bh5 17. Rh3 Bg6 18. Qd1 fxe5 19. dxe5 Rxf1+ 20. Qxf1 d4 21. exd4
Bxd2 0-1

[Event "AUTO-ADV-4265"]
[Site "http://www.queenalice.com/game.php?id=1599872"]
[Date "2020.2.18"]
[Round "2"]
[White "ECC2020"]
[Black "Cholito"]
[Result "1-0"]
[WhiteElo "2044"]
[BlackElo "1900"]

1. e4 e6 2. d4 d5 3. Nc3 Bb4 4. e5 Ne7 5. a3 Bxc3+ 6. bxc3 c5 7. Qg4 Ng6 8. h4
h5 9. Qd1 Nc6 10. Nf3 cxd4 11. cxd4 Bd7 12. Bd3 f5 13. Be2 Rc8 14. Rb1 Na5 15.
Ng5 O-O 16. Bd3 Rf7 17. Qxh5 1-0

[Event "AUTO-OPEN-4114"]
[Site "http://www.queenalice.com/game.php?id=1603112"]
[Date "2020.3.19"]
[Round "2"]
[White "Spiritus"]
[Black "Cholito"]
[Result "1-0"]
[WhiteElo "2386"]
[BlackElo "1902"]

1. e4 e6 2. d4 d5 3. Nc3 Nf6 4. Bg5 Be7 5. e5 Nfd7 6. h4 c5 7. Bxe7 Qxe7 8. Nb5
Na6 9. Nd6+ Kf8 10. c3 h5 11. f4 cxd4 12. cxd4 g6 13. Nf3 Kg7 14. Rc1 Nb6 15.
Ng5 f6 16. Nf3 Bd7 17. Bxa6 bxa6 18. g3 Bb5 19. Rh2 Nc4 20. Nxc4 Bxc4 21. b3 Bb5
22. Rhc2 Qb4+ 23. Kf2 Rhd8 24. exf6+ Kxf6 25. Rc7 Rd7 26. R7c5 Rb8 27. a4 1-0

[Event "AUTO-OPEN-4114"]
[Site "http://www.queenalice.com/game.php?id=1603113"]
[Date "2020.3.19"]
[Round "2"]
[White "Cholito"]
[Black "Spiritus"]
[Result "1/2-1/2"]
[WhiteElo "1905"]
[BlackElo "2326"]

1. d4 Nf6 2. Bf4 c5 3. e3 Nd5 4. Bg3 Qb6 5. Nc3 Nxc3 6. bxc3 g6 7. Nf3 Bg7 8.
Rb1 Qa5 9. Qd2 Qxa2 10. Qc1 O-O 11. Be2 cxd4 12. cxd4 Qa5+ 13. Nd2 d6 14. O-O
Qc7 15. c4 Nc6 16. Bf3 Bf5 17. Be4 Bxe4 18. Nxe4 h6 19. c5 Qd7 20. cxd6 exd6 21.
Nxd6 b6 22. Qa3 Bf6 23. Ne4 Be7 24. Bd6 Bxd6 25. Qxd6 Qxd6 26. Nxd6 Rfd8 27. Ne4
Kg7 28. Rfd1 f5 29. Ng3 Rd7 30. Rbc1 Rc8 31. Kf1 Ne7 32. Rxc8 Nxc8 33. f3 Nd6
34. e4 f4 35. Ne2 Nc4 36. Rc1 Nd2+ 37. Ke1 Nb3 38. Rd1 g5 39. d5 Kf6 40. Rd3 Nc5
41. Ra3 Ke5 42. Kd2 a5 43. Nc3 Kd4 44. Ne2+ Ke5 45. Kc3 a4 46. Nd4 Rh7 1/2-1/2

[Event "AUTO-OPEN-4114"]
[Site "http://www.queenalice.com/game.php?id=1603118"]
[Date "2020.3.19"]
[Round "2"]
[White "Cholito"]
[Black "johndyson2"]
[Result "0-1"]
[WhiteElo "1907"]
[BlackElo "2408"]

1. d4 d5 2. Bf4 Nf6 3. e3 c5 4. c3 Nc6 5. Nd2 cxd4 6. exd4 Bf5 7. Ngf3 e6 8. Be2
Be7 9. O-O O-O 10. Ne5 Nxe5 11. Bxe5 Nd7 12. Bg3 Nb6 13. Nf3 Nc4 14. Ne5 Nxb2
15. Qb3 Qb6 16. Qxb6 axb6 17. Nd7 Rfd8 18. Ne5 f6 19. Nf3 Na4 20. c4 Nc3 21.
Rfe1 Nxe2+ 22. Rxe2 dxc4 23. Nh4 Bd3 24. Rxe6 Bb4 25. Nf3 b5 26. h3 Bc3 27. Rc1
b4 28. Re7 Rxa2 29. Rxb7 Rc2 30. Rxc2 Bxc2 0-1

[Event "AUTO-OPEN-4114"]
[Site "http://www.queenalice.com/game.php?id=1603119"]
[Date "2020.3.19"]
[Round "2"]
[White "johndyson2"]
[Black "Cholito"]
[Result "1-0"]
[WhiteElo "2407"]
[BlackElo "1909"]

1. Nf3 d5 2. g3 c5 3. c4 e6 4. cxd5 exd5 5. d4 Nc6 6. Bg2 Nf6 7. O-O Be7 8. Nc3
O-O 9. dxc5 Bxc5 10. a3 Be6 11. b4 Bb6 12. Bg5 h6 13. Bxf6 Qxf6 14. Nxd5 Bxd5
15. Qxd5 Rfd8 16. Qc4 Rac8 17. Qa2 Nd4 18. Rac1 Qe7 19. Nxd4 Bxd4 20. Bd5 Rxc1
21. Rxc1 Qf6 22. e3 Bb6 23. Bxb7 Qd6 24. Kg2 Qd7 25. Be4 Rc8 26. Rb1 Rd8 27. a4
Kf8 28. a5 Bc7 29. b5 Rb8 30. b6 Be5 31. Qa3+ Kg8 32. a6 1-0